LEADER 01228nam a2200253 i 4500 001 000000104438 003 CaOOAMICUS 005 20070326091343.0 008 070326s2006 it u000 udita r 040 $aPUL$bita$dLDB 041 1 $aita$heng 100 1 $aMcLuhan, Marshall,$d1911-1980.$0(OLS)http://pul/name/42966 240 14$aThe Gutenberg galaxy. The making of typographic man$lItaliano.$0(OLS)http://pul/title/131365 245 13$aLa galassia Gutenberg :$bNascita dell'uomo tipografico /$cMarshall McLuhan; prefazione di Marco Belpoliti, introduzione di Gianpiero Gamaleri. 260 $aRoma :$bLa Repubblica-L'Espresso,$cc2006. 300 $axxix,351 p. ;$c23cm 490 1 $aI grandi saggi ;$v4 650 14$aSociologia$xTeorie$ySec. XX.$0(OLS)http://pul/subject/19138 830 2$aI grandi saggi (La Repubblica-L'Espresso) ;$v4.$0(OLS)http://pul/title/131359 850 $aPUL 852 $aPUL$W1$xSL Filosofia 3$y81$m103 COLL 2.4$j116843$qDDC 21$B116835$CPULBib$Z2$F116835 $H103114 $82 941 1 $a9 996 $6245$aLa galassia Gutenberg :$bNascita dell'uomo tipografico$9(OLS)http://pul/title/131366 996 $6260$aRoma :$bLa Repubblica-L'Espresso$9(OLS)http://pul/publisher/79199 LEADER 01433nam a2200253 u 4500 001 000000109330 003 CaOOAMICUS 005 20080131095104.0 008 080131s1974 gw u000 u ger u 020 $z3-590-14308-8* 040 $aPUL$bita$dMCT 100 1 $aSchildkamp-Kündiger, Erika.$0(OLS)http://pul/name/66994 245 10$aFrauenrolle und Mathematikleistung :$beine empir. Untersuchung an 13- u. 14ja?hrigen Oberschu?lerinnen u?ber Beziehungen zwischen Perso?nlichkeitsvariablen u. Mathematikleistungen / $cErika Schildkamp-Kündiger . 260 $aDüsseldorf :$bPädagogischer Verlag Schwann,$c1974. 300 $a120 p. ;$c21 cm. 490 1 $aStudien zur Lehrforschung ;$v 8 650 4$aMatematica$xStudio e insegnamento.$0(OLS)http://pul/subject/23832 830 0$aStudien zur Lehrforschung ;$v 8.$0(OLS)http://pul/title/115772 850 $aPUL 852 $aPUL$W1$xDP1 Cons. Gen., Altre Classi 1$y22$m846 A 19$j125015$qStampati$B123745$CPULBib$Z2$F123745 $H64367 $82 941 1 $a8 996 $6020$z3-590-14308-8*$9(OLS)http://pul/number/136898 996 $6245$aFrauenrolle und Mathematikleistung :$beine empir. Untersuchung an 13- u. 14ja?hrigen Oberschu?lerinnen u?ber Beziehungen zwischen Perso?nlichkeitsvariablen u. Mathematikleistungen / $9(OLS)http://pul/title/137544 996 $6260$aDüsseldorf :$bPädagogischer Verlag Schwann$9(OLS)http://pul/publisher/71310